| 000 | 00952nam a2200241Ia 4500 | ||
|---|---|---|---|
| 003 | OSt | ||
| 005 | 20220923221815.0 | ||
| 006 | a|||||r|||| 00| 0 | ||
| 007 | ta | ||
| 008 | 220922b |||||||| |||| 00| 0 hin d | ||
| 024 | _a200,187 | ||
| 037 | _cTextual | ||
| 040 |
_aARTS _cARTS _bhin |
||
| 041 |
_2hin _ahin |
||
| 082 | _aQ3:332jM77, 152L7 | ||
| 100 |
_aदुलहराज _9156280 |
||
| 245 | 0 | _aमहामनस्वी आचार्य श्री कालूगणी श्रद्धाजलि और छापर श्री कालूगणी जन्म शताब्दी समारोह समिति | |
| 246 | _ahināhinasvī āchārya shrī kālūgaṇī shraddhājali aur chhāpar shrī kālūgaṇī janma shatābdī samāroh samiti | ||
| 260 | _c1977 | ||
| 300 |
_a156पृ. _ccm. |
||
| 942 |
_hQ3:332jM77, 152L7 _cTEXL _2CC |
||
| 999 |
_c351859 _d351859 |
||